000 00666cam a2200217 a 4500
003 BD-DhSAU
005 20231005123353.0
008 861024s2012 ii a b 001 0 eng
020 _a9788170357896
040 _aBD-DhSAU
082 _222
_a333.9100971
_bB5204
245 1 0 _aBiodiversity of Aquatic Resources /
_cEdited by Mamta Rawat and Sumit Dookia
260 _aNew Delhi :
_bDaya Publishing House.
_cc2012
300 _axiii, 306 p. :
_bill. ;
_c22 cm.
504 _aIncludes bibliographical references and index
590 _akobir
650 0 _aBiodiversity-Aquatic Resources
700 _aRawat, Mamta
700 _aDookia, Sumit
942 _2ddc
_cBOOK
999 _c17131
_d17130